000 00958nam a22002297a 4500
005 20141017073956.0
008 070111s2007 nyu 000 0 eng
020 _a9780071490733
024 0 _ceng
080 _a331
100 1 _aDiamond, Linda Eve.
245 1 0 _aPerfect phrases for building strong teams :
_cLinda Eve Diamond.
250 _a1 st.ed.;
260 _aNew York :
_bMcGraw-Hill,
_c2007.
300 _a146 f. ;
_c20 cm.
440 0 _aPerfect phrases for-- managers
504 _aIncludes bibliographical references f. 144-145
505 0 _aThe team leader -- Teams : the bigger picture -- Building your team -- Conflict resolution -- Empowerment -- Feedback -- Team process -- Virtual team building -- Perks, benefits & rewards -- Team building exercises.
650 0 _aPuna
650 0 _aKomunikimi
942 _2udc
_cBK
999 _c524
_d524